00990nam a2200253Ia 450000500170000000800410001702000150005804100080007308200200008110000300010124500670013125000220019830000400022049000440026050501650030465000350046965000380050465000380054226400330058033600270061333700330064033800280067304000350070120220316235453.0121119s1993 sp a gr 000 0 spa  a84813701850 aspa04aR 696.103bA72E1 aAsensio Cerver, Francisco10aEnciclopedia Atrium de la plomeríacFrancisco Asensio Cerver aPrimera edición a5 voluménesbilustracionesc30 cm0 aEnciclopedias Atrium para profesionales0 av. 1. Proyectos de instalaciones (I) -- v. 2. Proyectos de instalaciones (II) -- V. 3. Componentes y automatismo -- v. 4. Energía solar -- v. 5. Dómotica. 14aPlomeria vEnciclopedias2LEMB14aInstalaciones de tuberías2LEMB14aInstalaciones eléctricas 2LEMB aBarcelona bAxis Booksc1993 atextobtxt2rdacontent asin mediaciónbn2rdamedia avolumenbnc2rdacarrier aCO-BoRNBPbspaerdacCO-BoRNBP